Statistics for Britain by Picture - 1

Click here to take the quiz!

General Stats

  • This quiz has been taken 762 times
    (402 since last reset)
  • The average score is 13 of 20

Answer Stats

Answer% Correct
Mr Bean
99%
Haggis
88%
Elizabeth I
87%
J.K. Rowling
87%
Mars Bar
83%
Ben Nevis
78%
Sir Isaac Newton
78%
St. George
78%
Wembley
78%
Wimbledon
74%
Hadrian's Wall
72%
Michael Caine
64%
Stilton
60%
Red Arrows
58%
Morris dancing
54%
Anglesey
50%
Canaries
48%
Sporran
40%
The Needles
33%
Avebury
17%

Score Distribution

Percentile by Number Answered

Percent of People with Each Score

Your Score History

You have not taken this quiz since the last reset